00829cam a2200241 i 4500001000300000003000900003005001700012008003900029015001600068020001500084040003500099080000700134080001200141100004500153245010100198260004800299300003600347504001200383650003400395655003000429700003000459856009800489bgKOSZ 00520200803135640.0991116s1983 pl a f f |001 0 pol aPB 1982/535 a8301043563 aWA NcKOSZ 005/HRdKOSZ 005/HR a51 a(075.8)1 aDziubiński, Izydord(1929-2014)eAutor10aMatematyka dla wyższych szkół technicznych.nT. 3 /cIzydor Dziubiński, Lucja Siewierski. aWarszawa :bPańst. Wydaw. Naukowe,c1983. a274 s. :bil., wykr. ;c24 cm. aIndeks. 4aMatematykaxszkoły wyższe. 4aPodręczniki akademickie1 aSiewierski, LucjaneAutor uhttp://koha.tu.koszalin.pl/cgi-bin/koha/opac-detail.pl?biblionumber=33012yKatalog online BPK